000 00639nam a22002177a 4500
005 20251108165422.0
008 250721s1964 xx 000 0 ara d
082 1 4 _aم/956/أحم
100 1 _aشلبي، أحمد
245 1 0 _aالتاريخ الإسلامي و الحضارة الإسلامية /
250 _aط3
264 1 _aالقاهرة :
_bمكتبة النهضة المصرية،
_c1964.
300 _a5ج : خرائط
650 1 7 _aالعرب
650 1 7 _aالتاريخ
650 1 7 _aالعرب
650 1 7 _aالحضارة
650 1 7 _aالحضارة الإسلامية
942 _2ddc
_cREF
999 _c27456
_d27456